Comercio internacional y desarrollo

Uloženo v:
Podrobná bibliografie
Hlavní autor: Meier, Gerald M. (autor)
Médium: Kniha
Jazyk:španělština
Vydáno: Ciudad de México Herrero Hermanos 1965
Témata:
Tagy: Přidat tag
Žádné tagy, Buďte první, kdo vytvoří štítek k tomuto záznamu!

MARC

LEADER 00000nam a2200000 a 4500
001 UCR8434
003 CL-VaPUC
008 980529e19650100MX |||||||||||||||||spa|d
082 0 4 |a 382  |b MEI  |2 21 
100 |a Meier, Gerald M.  |e autor  |9 479815 
245 1 0 |a Comercio internacional y desarrollo 
300 |a 177 p 
942 |c BK 
945 |d 19980529 00:00:00  |a cmena 
260 |a Ciudad de México  |b Herrero Hermanos  |c 1965 
650 7 |a COMERCIO INTERNACIONAL  |2 CL-VaPUC  |9 410143 
650 0 |a Desarrollo económico y social   |9 256320 
650 7 |a BALANZA DE PRECIOS  |2 CL-VaPUC  |9 410144 
650 0 |a Política económica   |9 255029 
650 0 |a Costos   |9 261063 
583 |a last modification  |c 19980529 00:00:00  |k Rodrigo Vera 
999 |c 269839  |d 269837 
952 |0 0  |1 0  |4 0  |6 382_000000000000000_MEI_1965  |7 0  |8 A  |9 303874  |a BIBENE  |b BIBENE  |d 2019-11-20  |i 1406590  |o 382 MEI 1965  |p 1406590  |r 2025-01-15  |w 2019-11-20  |y BK  |k ICO